Die teuersten Fußballtransfers - Linker Verteidiger - 2018-2019 - Statistiken

Allgemein
  • Dieses Quiz wurde 13 mal gespielt
  • Das Durchschnittsergebnis liegt bei 3 aus 10
Antwortstatistiken
Ablöse (M €) Nationalität Abgebender Verein Aufnehmender Verein Spieler % Korrekt
14,00 Kanada Vancouver Bayern München Alphonso Davies
90%
20,20 Frankreich FC Barcelona FC Everton Lucas Digne
90%
19,00 Uruguay Genoa CFC AC Mailand Diego Laxalt
50%
24,00 Spanien Paris SG Athletic Bilbao Yuri Berchiche
40%
12,00 Uruguay River Plate RB Leipzig Marcelo Saracchi
20%
9,50 Italien Inter Mailand AS Rom Davide Santon
10%
11,00 Senegal LOSC Lille AS Monaco Fodé Ballo-Touré
10%
10,00 Frankreich Aston Villa Olympique Marseille Jordan Amavi
10%
10,00 Italien FC Turin AS Monaco Antonio Barreca
0%
15,00 Spanien CD Leganés Bournemouth Diego Rico
0%
Keine übereinstimmenden Quizze gefunden
Verteilung der Resultate
Anzahl Personen mit jedem Resultat
Perzentil nach korrekt beantworteten Fragen
Ihre Resultats-Entwicklung
Sie haben dieses Quiz noch nicht gespielt